[Event "GER-chT U14 Girls"]
[Site "Neumuenster"]
[Date "2017.12.27"]
[Round "1.3"]
[White "Martin, Anastasia"]
[Black "Foos, Vanessa"]
[Result "1-0"]
[WhiteElo "1287"]
[BlackElo "948"]
[PlyCount "71"]
[EventDate "2017.12.26"]
[EventType "team-swiss"]
[EventRounds "7"]
[EventCountry "GER"]
[SourceTitle "CBM 182 Extra"]
[Source "ChessBase"]
[SourceDate "2018.02.23"]
[SourceVersion "1"]
[SourceVersionDate "2018.02.23"]
[SourceQuality "1"]
[WhiteTeam "Baden-Baden"]
[BlackTeam "Harksheide"]
[WhiteTeamCountry "GER"]
[BlackTeamCountry "GER"]

1. e4 d5 2. exd5 Qxd5 3. Nc3 Qa5 4. Nf3 Nf6 5. d4 c6 6. Bd3 Bg4 7. 0-0 e6 8. Bd2 Nbd7 9. Ne4 Qd8 10. h3 Bf5 11. Bg5 Be7 12. Qe2 Bxe4 13. Bxe4 Nxe4 14. Bxe7 Qxe7 15. Qxe4 Nf6 16. Qe5 0-0 17. Rad1 Rad8 18. c4 Rd7 19. Rd2 Rfd8 20. Rfd1 Qb4 21. b3 b6 22. Ng5 c5 23. d5 exd5 24. cxd5 c4 25. Rd4 Re8 26. Qf4 Re1+ 27. Rxe1 Qxe1+ 28. Kh2 Qe8 29. bxc4 Nh5 30. Qe4 Qxe4 31. Rxe4 Nf6 32. Rd4 Rxd5 33. cxd5 Nd7 34. Rc4 Nc5 35. Ne4 f6 36. Nxc5 1-0